[Event "AUTO-BEG-311"]
[Site "http://www.queenalice.com/game.php?id=578255"]
[Date "2009.4.26"]
[Round "1"]
[White "katia"]
[Black "Inordi"]
[Result "0-1"]
[WhiteElo "1255"]
[BlackElo "1583"]

1. d4 d5 2. Nc3 c6 3. Nf3 Nf6 4. Bf4 g6 5. e3 Bg7 6. Qd3 Bf5 7. Qd2 O-O 8. Ne5
Nbd7 9. g3 Ne4 10. f3 Nxd2 11. Kxd2 Nxe5 12. dxe5 d4 13. exd4 Qxd4+ 14. Ke1 Bxe5
15. Bd3 Bxf4 16. gxf4 Qe3+ 17. Be2 Rad8 18. Rd1 Bxc2 19. Rxd8 Rxd8 20. Nd1 Rxd1#
0-1

[Event "Challenge"]
[Site "http://www.queenalice.com/game.php?id=812412"]
[Date "2010.8.2"]
[Round "-"]
[White "tortuga"]
[Black "katia"]
[Result "1-0"]
[WhiteElo "1476"]
[BlackElo "1277"]

1. d4 Nf6 2. Bg5 d5 3. c4 dxc4 4. Nc3 Nc6 5. Nf3 h6 6. Bxf6 exf6 7. e4 Bb4 8.
Bxc4 Be6 9. d5 Bg4 10. dxc6 bxc6 11. Qa4 Qb8 12. Qxc6+ Ke7 13. O-O Rd8 14. Nd5+
Kf8 15. Rad1 Rd6 16. Qa4 c6 17. Nxb4 c5 18. Nd3 Qd8 19. e5 Rd7 20. Nxc5 fxe5 21.
Nxd7+ Ke8 22. Nf6+ Ke7 23. Rxd8 Rxd8 24. Nd5+ Ke6 25. Ne3+ Kf6 26. Nxg4+ Kf5 27.
Ne3+ Ke4 28. Bb5+ Rd4 29. Qc2+ Rd3 30. Qxd3+ Kf4 31. Qf5# 1-0

[Event "Challenge"]
[Site "http://www.queenalice.com/game.php?id=812417"]
[Date "2010.8.2"]
[Round "-"]
[White "katia"]
[Black "Guiga19590"]
[Result "0-1"]
[WhiteElo "1268"]
[BlackElo "1100"]

1. e4 e5 2. Nc3 Nc6 3. Nf3 Nf6 4. Bc4 Bb4 5. d4 Nxe4 6. dxe5 Nxc3 7. bxc3 Bxc3+
8. Bd2 Bxa1 9. Qxa1 Qe7 10. O-O h6 11. Re1 a6 12. Qb1 b5 13. Bd5 Bb7 14. c4 O-O
15. Nh4 Qxh4 16. cxb5 axb5 17. Qxb5 Ba6 18. g3 Qd4 19. Bc3 Bxb5 20. Bxd4 Nxd4
21. Rd1 Nc6 22. Rc1 Ra3 23. Rb1 Rb8 24. f4 Nd4 25. f5 Rb6 26. e6 fxe6 27. h4
exd5 28. Rd1 Nf3+ 29. Kf2 Rxa2+ 30. Kxf3 Be2+ 31. Kf2 Bxd1+ 0-1

[Event "Challenge"]
[Site "http://www.queenalice.com/game.php?id=812464"]
[Date "2010.8.2"]
[Round "-"]
[White "katia"]
[Black "ATeixeira"]
[Result "0-1"]
[WhiteElo "1268"]
[BlackElo "1400"]

1. e4 e6 2. d4 c5 3. Nc3 cxd4 4. Qxd4 Nc6 5. Qd1 Nf6 6. Bc4 Bb4 7. Nf3 Nxe4 8.
a3 Bxc3+ 9. Bd2 Bxd2+ 10. Ke2 Ba5 11. b4 Nc3+ 12. Kd2 Nxd1 13. Raxd1 Bb6 14.
Rde1 d5 15. g4 dxc4+ 16. Kc3 Bd4+ 17. Kxc4 Qd5+ 18. Kd3 Qxf3+ 19. Kc4 Qc3+ 20.
Kb5 a6+ 21. Ka4 b5# 0-1

[Event "AUTO-INT-1778"]
[Site "http://www.queenalice.com/game.php?id=812662"]
[Date "2010.8.3"]
[Round "1"]
[White "katia"]
[Black "BRANDAO"]
[Result "0-1"]
[WhiteElo "1262"]
[BlackElo "1502"]

1. d4 Nf6 2. Nc3 g6 3. Nf3 Bg7 4. Bf4 d6 5. e4 O-O 6. Bb5 c6 7. Ba4 b5 8. Bb3 a5
9. O-O a4 10. e5 dxe5 0-1

[Event "AUTO-INT-1778"]
[Site "http://www.queenalice.com/game.php?id=812664"]
[Date "2010.8.3"]
[Round "1"]
[White "katia"]
[Black "garota_rap"]
[Result "0-1"]
[WhiteElo "1268"]
[BlackElo "1350"]

1. d4 Nc6 2. e4 e6 3. Nc3 d5 4. Nh3 dxe4 5. Nxe4 f5 6. Ng3 Nf6 7. Bb5 a6 8. Bc4
b5 9. Bd3 Qxd4 10. Nf4 Bc5 11. Nxe6 Qxf2# 0-1

[Event "AUTO-INT-1778"]
[Site "http://www.queenalice.com/game.php?id=812665"]
[Date "2010.8.3"]
[Round "1"]
[White "garota_rap"]
[Black "katia"]
[Result "1-0"]
[WhiteElo "1561"]
[BlackElo "1268"]

1. e4 e5 2. Qf3 Nf6 3. b3 d5 4. exd5 Nxd5 5. Bc4 Be6 6. Bb2 f6 7. Na3 Bb4 8. c3
Ba5 9. Ne2 Nc6 10. Nc2 g5 11. h3 b5 12. Bd3 Qe7 13. c4 bxc4 14. bxc4 Nf4 15.
Qxc6+ Qd7 16. Qxa8+ Qd8 17. Qxd8+ Kxd8 18. Nxf4 gxf4 19. O-O-O Rg8 20. Rdg1 Bb6
21. Bxh7 Bxf2 22. Bxg8 Bxg8 23. Rf1 Bc5 24. a4 Bxc4 25. Rf3 Bb3 26. Rxb3 1-0

[Event "AUTO-INT-1778"]
[Site "http://www.queenalice.com/game.php?id=812666"]
[Date "2010.8.3"]
[Round "1"]
[White "katia"]
[Black "LEOKnopp"]
[Result "0-1"]
[WhiteElo "1277"]
[BlackElo "1480"]

1. d4 e5 2. dxe5 Nc6 3. Nf3 d5 4. Nc3 Bb4 5. e4 d4 6. a3 dxc3 7. bxc3 Bxc3+ 8.
Ke2 Nd4+ 9. Kd3 Nb3+ 10. Kc4 Qxd1 11. Kxb3 Bxa1 12. Bb5+ Qd7 13. Bxd7+ Kxd7 14.
Bb2 Bxb2 15. Kxb2 Ke6 16. Ng5+ Kxe5 17. Rf1 h6 18. Nxf7+ Kxe4 19. Nxh8 Bf5 20.
Nf7 Ne7 21. f3+ Kd4 22. c3+ Kc4 23. Re1 Nd5 24. Ne5+ Kc5 25. g4 Bh7 26. f4 Nxf4
27. Nf7 Nd3+ 28. Kb3 Nxe1 29. Nxh6 gxh6 30. Kb2 Kc4 31. Kc1 Rd8 32. Kb2 Rd2+ 33.
Kc1 Re2 34. Kd1 Kd3 35. Kc1 Rd2 36. h4 Nf3 37. h5 Kxc3 38. a4 Nd4 39. a5 Nb3#
0-1

[Event "AUTO-INT-1778"]
[Site "http://www.queenalice.com/game.php?id=812667"]
[Date "2010.8.3"]
[Round "1"]
[White "LEOKnopp"]
[Black "katia"]
[Result "1/2-1/2"]
[WhiteElo "1492"]
[BlackElo "1268"]

1. e4 e5 2. Nf3 f6 3. Bc4 d6 4. Nc3 f5 5. d3 Nf6 6. Bg5 Nc6 7. Nh4 h6 8. Bxf6
gxf6 9. Qh5+ Kd7 10. Nxf5 Qe8 11. Bf7 Qe7 12. Nd5 Nd4 13. Ndxe7 Bxe7 14. Bd5
Nxc2+ 15. Kd2 Nxa1 16. Qf7 Re8 17. Ng7 Rf8 18. Qg6 c6 19. Ne6 cxd5 20. Nxf8+
Bxf8 21. Rc1 Nb3+ 22. axb3 b5 1/2-1/2

[Event "Challenge"]
[Site "http://www.queenalice.com/game.php?id=812844"]
[Date "2010.8.3"]
[Round "-"]
[White "katia"]
[Black "carloskasparov"]
[Result "0-1"]
[WhiteElo "1256"]
[BlackElo "1174"]

1. d4 d5 2. Nc3 e6 3. e4 Qe7 4. Nf3 c6 5. Bf4 Nd7 6. a4 h6 7. exd5 exd5+ 8. Qe2
Kd8 9. g3 Qb4 10. Bh3 Ndf6 11. Bxc8 Rxc8 0-1